Library of the University of Algiers 3
Ibrahim Sultan Cheibout
شعار جامعة الجزائر 3
مكتبة جامعة الجزائر 3
إبراهيم سلطان شيبوط

تصميم النظم المحاسبية (ك8) / (رقم التسجيلة. 46365)

تفاصيل مارك
000 -LEADER
fixed length control field 00977nam a2200217Ia 4500
003 - CONTROL NUMBER IDENTIFIER
control field Ost
005 - DATE AND TIME OF LATEST TRANSACTION
control field 20260507075804.0
008 - FIXED-LENGTH DATA ELEMENTS--GENERAL INFORMATION
fixed length control field 260507s9999||||xx |||||||||||||| ||und||
040 ## - CATALOGING SOURCE
Transcribing agency fsecg
041 ## - LANGUAGE CODE
Language code of text/sound track or separate title ara
082 ## - DEWEY DECIMAL CLASSIFICATION NUMBER
Classification number 657
100 ## - MAIN ENTRY--PERSONAL NAME
Personal name إبراهيم، طه الطاهر
Relator term مؤلف
245 #0 - TITLE STATEMENT
Title تصميم النظم المحاسبية (ك8) /
Statement of responsibility, etc. طه الطاهر إبراهيم
260 ## - PUBLICATION, DISTRIBUTION, ETC.
Place of publication, distribution, etc. القاهرة:
Name of publisher, distributor, etc. مطبعة مركز التعليم المفتوح,
Date of publication, distribution, etc. (د.ت)
300 ## - PHYSICAL DESCRIPTION
Extent 375 صفحة؛
Other physical details إيضاحات ؛
Dimensions 24 سم
520 ## - SUMMARY, ETC.
Summary, etc. تعريف النظام، تعريف النظام المحاسبي، اختصاصات المحاسبة المالية، أهداف النظام المحاسبي، إجراءات الرقابة الداخلية للنظام المحاسبي
653 ## - INDEX TERM--UNCONTROLLED
Uncontrolled term المحاسبة المالية
653 ## - INDEX TERM--UNCONTROLLED
Uncontrolled term النظام المحاسبي
700 ## - ADDED ENTRY--PERSONAL NAME
Personal name حامد، مصطفى صادق
Relator term مؤلف ثانوي
942 ## - ADDED ENTRY ELEMENTS (KOHA)
Koha item type كتب
المقتنيات
Withdrawn status Lost status Source of classification or shelving scheme Damaged status Not for loan Home library Current library Date acquired Serial enumeration / chronology Inventory number Total checkouts Full call number Barcode Date last seen Price effective from Koha item type
    Library of Congress Classification   NOT LOAN / إعارة داخلية مكتبة كلية العلوم الإقتصادية والعلوم التجارية وعلوم التسيير مكتبة كلية العلوم الإقتصادية والعلوم التجارية وعلوم التسيير 07/05/2026 الطابق الأرضي 1649/8/1   أ/1649ك8ن1 1649/8/1 07/05/2026 07/05/2026 كتب
    Dewey Decimal Classification   Available مكتبة كلية العلوم الإقتصادية والعلوم التجارية وعلوم التسيير مكتبة كلية العلوم الإقتصادية والعلوم التجارية وعلوم التسيير 07/05/2026 الطابق الأرضي 1649/8/2   أ/1649ك8ن2 1649/8/2 07/05/2026 07/05/2026 كتب
    Dewey Decimal Classification   Available مكتبة كلية العلوم الإقتصادية والعلوم التجارية وعلوم التسيير مكتبة كلية العلوم الإقتصادية والعلوم التجارية وعلوم التسيير 07/05/2026 الطابق الثاني 1649/8/3   أ/1649ك8ن3 1649/8/3 07/05/2026 07/05/2026 كتب

موارد الويب المفتوحة


© University of Algiers 3 All Rights Reserved
|
Implemented by LECHELAH Riad